000 00803nam a2200253Ia 4500
001 21779
005 20260320113312.0
008 260320s9999||||xx |||||||||||||| ||und||
020 _a9781119329336
041 _aING
082 _a621.8672
_bT863
100 _aToghraei, Moe,
_eAUT
245 0 _aPiping and instrumentation diagram development
_b
246 _a
_5
_b
250 _aFirst edition
260 _aHoboken :
_bJohn Wiley & Sons,
_c2019
300 _axxv, 461 páginas :
_bfiguras, tablas ;
_c29 cm.
_e
440 _a
_n
_v
650 _aTCA
653 _aFísica aplicada; Instalaciones de tuberías; Idioma : Inglés
700 _a
_c
856 _uhttps://ebooks7-24-com.ucsp.lookproxy.com/stage.aspx?il=&pg=&ed=
_zVéase además: Base de datos Ebook7-24
942 _cLIB
_dJUS
_fTRC
_2ddc
_n
999 _c21779
_d21779